| 000 -CABECERA |
| Longitud fija campo de control |
00687nas a22002177a 4500 |
| 003 - IDENTIFICADOR DEL NÚMERO DE CONTROL |
| Identificador del número de control |
OSt |
| 005 - FECHA Y HORA DE LA ÚLTIMA TRANSACCIÓN |
| Fecha y hora de la última transacción |
20190828153813.0 |
| 008 - CÓDIGOS DE INFORMACIÓN DE LONGITUD FIJA |
| Códigos de información de longitud fija |
130705c1962 xxubr||| |||| 00| 0 eng d |
| 022 ## - NÚMERO INTERNACIONAL NORMALIZADO PARA PUBLICACIONES SERIADAS |
| Número Internacional Normalizado para Publicaciones Seriadas |
0010-194X |
| 040 ## - FUENTE DE LA CATALOGACIÓN |
| Centro transcriptor |
CDMR |
| Lengua de catalogación |
cat |
| 245 ## - MENCIÓN DE TÍTULO |
| Título |
Columbia journalism review |
| 260 ## - PUBLICACIÓN, DISTRIBUCIÓN, ETC. (PIE DE IMPRENTA) |
| Lugar de publicación, distribución, etc. |
New York |
| Nombre del editor, distribuidor, etc. |
Graduate School of Journalism of Columbia University |
| Fecha de publicación, distribución, etc. |
[1962]- |
| 300 ## - DESCRIPCIÓN FÍSICA |
| Extensión |
v. |
| Otras características físicas |
il. |
| Dimensiones |
29 cm. |
| 310 ## - PERIODICIDAD ACTUAL |
| Periodicidad actual |
Bimestral |
| 362 ## - FECHAS DE PUBLICACIÓN Y/O DESIGNACIÓN SECUENCIAL |
| Fecha de publicación y/o designación secuencial |
Spring 1962 - |
| 650 04 - PUNTO DE ACCESO ADICIONAL DE MATERIA - TÉRMINO DE MATERIA |
| 9 (RLIN) |
983 |
| Término de materia o nombre geográfico como elemento inicial |
Ètica periodística |
| Subdivisión de forma |
Revistes |
| 650 04 - PUNTO DE ACCESO ADICIONAL DE MATERIA - TÉRMINO DE MATERIA |
| 9 (RLIN) |
3919 |
| Término de materia o nombre geográfico como elemento inicial |
Periodisme |
| Subdivisión de forma |
Revistes |
| 710 2# - PUNTO DE ACCESO ADICIONAL - NOMBRE DE ENTIDAD |
| 9 (RLIN) |
3918 |
| Nombre de entidad o nombre de jurisdicción como elemento inicial |
Columbia University |
| Unidad subordinada |
-- Graduate School of Journalism |
| 856 40 - LOCALIZACIÓN Y ACCESO ELECTRÓNICO |
| Identificador Uniforme del Recurso (URI) |
<a href="http://www.cjr.org/issues/">http://www.cjr.org/issues/</a> |
| Texto del enlace |
Disponible en línia |
| 942 ## - ENTRADA DE ELEMENTOS AGREGADOS (KOHA) |
| Fuente de clasificaión o esquema |
|
| Koha [por defecto] tipo de item |
Publicacions periòdiques |
| Marca de registro de periódicas |
1 |